| 000 | 01613cam a22004214i 4500 | ||
|---|---|---|---|
| 003 | PE-LiUPU | ||
| 005 | 20250731173021.0 | ||
| 008 | 150623s1981 miua rb 000 0 eng d | ||
| 035 | _a(Sirsi) a23451 | ||
| 040 |
_aPE-LiUPU _bspa _cPE-LiUPU _erda |
||
| 082 | 0 | 4 |
_a278 _bD97 _221 |
| 100 | 1 |
_aDussel, Enrique, _eautor. |
|
| 245 | 1 | 2 |
_aA history of the church in Latin America : _bcolonialism to liberation (1492-1979) / _cEnrique Dussel. |
| 264 | 1 |
_aGrand Rapids : _bWiliam B. Eerdmans Publishing Co., _c1981. |
|
| 300 |
_a360 páginas : _bilustraciones ; _c25 centímetros |
||
| 336 |
_atext _2rdacontent |
||
| 337 |
_aunmediated _2rdamedia |
||
| 338 |
_avolume _2rdacarrier |
||
| 504 | _aIncluye bibliografía. | ||
| 505 | 0 | _aA hermeneutical introduction -- The christendom of the west indies (1492-1808) -- The agony of colonial christendom -- The church and Latin American liberation (1962-1979). | |
| 526 | _aSEG42 | ||
| 526 | _aSEG41 | ||
| 526 | _aSEG40 | ||
| 526 | _aSEG39 | ||
| 526 | _aP94 | ||
| 526 | _aP87 | ||
| 526 | _aP86 | ||
| 526 | _aP85 | ||
| 526 | _aP77 | ||
| 526 | _aP76 | ||
| 526 | _aP35 | ||
| 650 | 1 | 4 |
_aAmérica Latina _xHistoria de la Iglesia. |
| 942 |
_2ddc _cBOOK |
||
| 949 |
_a278 D97 _wDEWEY _c1 _i47596 _lCCODEBUL1 _mBUL _p00.00 _r0 _sY _tBOOK _u2015-06-24 _xTEOLOGIA _PP35 _0COMPRA _o.STAFF. Colección General |
||
| 596 | _a1 | ||
| 999 |
_a278 D97 _wDEWEY _c24130 _i47596 _f2021-11-11 _g5 _lCCODEBUL1 _mBUL _p22.00 _r0 _sY _tBOOK _u2015-6-24 _xTEOLOGIA _PP35 _0COMPRA _o.STAFF. Colección Teología _d24130 |
||
| 980 |
_81 _gALBERTO SANCHEZ Responsable de Automatización |
||